Interdisciplinárne vyučovanie histórie a literatúry v cudzích jazykoch na príklade španielskej histórie

Saved in:
Bibliographic Details
Main Author: Maarová, Iveta
Other Authors: Tužinská, Sofia, 1973-
Format: Book Chapter
Language:Slovak
Tags: Add Tag
No Tags, Be the first to tag this record!

MARC

LEADER 00000naa$a2200000$$$4500
001 0247546
005 20240502083700.2
041 0 |a slo 
044 |a CZ 
245 1 0 |a Interdisciplinárne vyučovanie histórie a literatúry v cudzích jazykoch na príklade španielskej histórie  |c Iveta Maarová, Sofia Tužinská 
100 1 |a Maarová, Iveta 
700 1 |a Tužinská, Sofia, 1973-